[Event "Unna Open 2023"]
[Site "Unna"]
[Date "2023.12.27"]
[Round "1.21"]
[White "Stutt, Jonas"]
[Black "Stöckmann, Helmut"]
[Result "1-0"]
[WhiteElo "1412"]
[BlackElo "1967"]
[PlyCount "123"]
[EventDate "2023.12.??"]
[EventType "swiss"]
[EventRounds "7"]
[EventCountry "GER"]
[Tiebreak "Progressive score"]
[SourceVersionDate "2023.12.27"]
[BlackTeam "SC Steinfurt"]

1. e4 c6 2. d4 g6 3. Nf3 d5 4. exd5 cxd5 5. Bd3 Bg4 6. h3 Bxf3 7. Qxf3 Bg7 8.
c3 Nf6 9. O-O O-O 10. Bg5 Nbd7 11. Nd2 Qb6 12. Rab1 Rac8 13. Rfe1 e6 14. Nf1 a6
15. Ng3 Qc6 16. h4 h5 17. Qe3 b5 18. Qd2 a5 19. a3 Qb6 20. f3 Rb8 21. Bf4 Rb7
22. Ne2 Rc8 23. Kh1 b4 24. axb4 axb4 25. cxb4 Bf8 26. b5 Bd6 27. Rbc1 Rbc7 28.
Rxc7 Rxc7 29. Rg1 Bxf4 30. Qxf4 Ra7 31. g4 hxg4 32. fxg4 Qb8 33. Qh6 Qf8 34.
Qf4 Qg7 35. Qd6 Qf8 36. Qf4 Qg7 37. g5 Nh5 38. Qd6 Qf8 39. Qxf8+ Kxf8 40. Rf1
Ke7 41. Kg2 Ra2 42. Rb1 Kd6 43. Kf3 Ra4 44. Rc1 Rb4 45. Rb1 e5 46. Ke3 e4 47.
Bc2 Nb6 48. b3 Rxb5 49. Nc3 Ra5 50. Na4 Ra6 51. Bd1 Nxa4 52. bxa4 Ng7 53. Rb7
Nf5+ 54. Kf4 Ke6 55. Bg4 Rxa4 56. Bxf5+ gxf5 57. h5 Rxd4 58. Rb6+ Ke7 59. Ke5
Rd1 60. Rb7+ Kd8 61. Rxf7 e3 62. Kxf5 1-0

[Event "Unna Open 2023"]
[Site "Unna"]
[Date "2023.12.27"]
[Round "1.22"]
[White "Gieseler, Felix"]
[Black "Jorke, Roland"]
[Result "1-0"]
[WhiteElo "1948"]
[BlackElo "1386"]
[PlyCount "91"]
[EventDate "2023.12.??"]
[EventType "swiss"]
[EventRounds "7"]
[EventCountry "GER"]
[Tiebreak "Progressive score"]
[SourceVersionDate "2023.12.27"]

1. e4 d5 2. exd5 Qxd5 3. Nc3 Qa5 4. d4 Nf6 5. Nf3 Bg4 6. h3 Bh5 7. Bd3 c6 8.
Bd2 Qc7 9. g4 Bg6 10. Ne5 Bxd3 11. Nxd3 Nbd7 12. Qe2 e6 13. f4 O-O-O 14. O-O-O
Bd6 15. Qf2 Nd5 16. f5 exf5 17. Nxd5 cxd5 18. Qxf5 Qc4 19. Kb1 Qxd4 20. Bc3 Qe4
21. Qxf7 Be5 22. Rhe1 Bxc3 23. Rxe4 dxe4 24. Qc4+ Kb8 25. Qxc3 exd3 26. Rxd3
Rhf8 27. b3 Rf7 28. Qc4 Rdf8 29. Qe6 Kc8 30. Kb2 Kd8 31. Qd6 Ke8 32. Qc7 Re7
33. Qxb7 Ne5 34. Qa8+ Kf7 35. Qd5+ Kg6 36. Qd6+ Kf7 37. Qd5+ Re6 38. Rc3 Rfe8
39. Rc7+ R8e7 40. Rxe7+ Kxe7 41. Qb7+ Kf6 42. Qxa7 Kg6 43. a4 h6 44. a5 Nc6 45.
Qc5 Kf7 46. a6 1-0

[Event "Unna Open 2023"]
[Site "Unna"]
[Date "2023.12.27"]
[Round "1.23"]
[White "Borch, Roland"]
[Black "Gasper, Jörn"]
[Result "0-1"]
[WhiteElo "1382"]
[BlackElo "1933"]
[PlyCount "88"]
[EventDate "2023.12.??"]
[EventType "swiss"]
[EventRounds "7"]
[EventCountry "GER"]
[Tiebreak "Progressive score"]
[SourceVersionDate "2023.12.27"]

1. d4 Nf6 2. Nf3 d5 3. c4 e6 4. g3 Bb4+ 5. Bd2 Bd6 6. Bg2 c6 7. O-O Nbd7 8. Nc3
dxc4 9. e4 e5 10. dxe5 Nxe5 11. Nxe5 Bxe5 12. Bg5 O-O 13. Qxd8 Rxd8 14. Rad1
Bg4 15. f3 Be6 16. Kf2 Bd4+ 17. Ke2 b6 18. Be3 Bxe3 19. Kxe3 Kf8 20. Rf2 Rxd1
21. Nxd1 Rd8 22. Rd2 Rxd2 23. Kxd2 Ke7 24. Ne3 Kd6 25. Kc3 Kc5 26. Nc2 b5 27.
a3 a5 28. Bf1 Nd7 29. f4 Nb6 30. f5 Na4+ 31. Kd2 Bd7 32. Kc1 f6 33. Be2 Be8 34.
Bd1 Nb6 35. Kd2 Nd7 36. Be2 Ne5 37. Kc3 Bf7 38. h3 Nd7 39. Bd1 Nb6 40. Kd2 Na4
41. Kc1 Nb6 42. Kd2 b4 43. Be2 Na4 44. Kc1 c3 0-1

[Event "Unna Open 2023"]
[Site "Unna"]
[Date "2023.12.27"]
[Round "1.24"]
[White "Bauch, Olaf"]
[Black "Schweda, Sven"]
[Result "1-0"]
[WhiteElo "1923"]
[BlackElo "1377"]
[PlyCount "51"]
[EventDate "2023.12.??"]
[EventType "swiss"]
[EventRounds "7"]
[EventCountry "GER"]
[Tiebreak "Progressive score"]
[SourceVersionDate "2023.12.27"]

1. e4 e5 2. Nf3 Nc6 3. Bb5 d6 4. O-O Bd7 5. c3 Nf6 6. Re1 Be7 7. h3 O-O 8. d4
a6 9. Ba4 b5 10. Bb3 Re8 11. dxe5 Nxe5 12. Nbd2 Bc6 13. Bc2 Bf8 14. Nf1 Qd7 15.
Nd4 Rad8 16. Nxc6 Qxc6 17. Bg5 Be7 18. Qe2 h6 19. Bc1 Ng6 20. Ng3 Bf8 21. f4
Nd7 22. Qf2 f6 23. Be3 Ne7 24. Rad1 Kh8 25. Bb3 g6 26. Bf7 1-0

[Event "Unna Open 2023"]
[Site "Unna"]
[Date "2023.12.27"]
[Round "1.25"]
[White "Fischer, Jürgen"]
[Black "Kantor, Nikita"]
[Result "0-1"]
[WhiteElo "1372"]
[BlackElo "1919"]
[PlyCount "40"]
[EventDate "2023.12.??"]
[EventType "swiss"]
[EventRounds "7"]
[EventCountry "GER"]
[Tiebreak "Progressive score"]
[SourceVersionDate "2023.12.27"]

1. d4 d5 2. c4 e6 3. Nc3 Nf6 4. Nf3 Be7 5. e3 O-O 6. Be2 dxc4 7. Bxc4 a6 8. O-O
Nbd7 9. Bd2 c5 10. Re1 b5 11. Bd3 Bb7 12. b3 cxd4 13. Nxd4 Ne5 14. Be2 Rc8 15.
Rc1 Nd5 16. f4 Nxf4 17. exf4 Qxd4+ 18. Kh1 Qf2 19. Bf3 Nxf3 20. Re2 Qh4 0-1

[Event "Unna Open 2023"]
[Site "Unna"]
[Date "2023.12.27"]
[Round "1.26"]
[White "Alberts, Kai"]
[Black "Stammen, York Magnus"]
[Result "1-0"]
[WhiteElo "1907"]
[BlackElo "1355"]
[PlyCount "47"]
[EventDate "2023.12.??"]
[EventType "swiss"]
[EventRounds "7"]
[EventCountry "GER"]
[Tiebreak "Progressive score"]
[SourceVersionDate "2023.12.27"]

1. e4 e6 2. d4 d5 3. e5 c5 4. c3 Nc6 5. Nf3 Qb6 6. Bd3 Bd7 7. O-O cxd4 8. Re1
dxc3 9. Nxc3 a6 10. a3 Nge7 11. h4 Qd8 12. h5 h6 13. b4 b5 14. Bf4 Nc8 15. Ra2
Nb6 16. Rae2 Nc4 17. Nxd5 Nxa3 18. Qb3 Nc4 19. Be4 exd5 20. Bxd5 Bxb4 21. e6
Bxe1 22. exd7+ Kxd7 23. Bxc4 bxc4 24. Qb7+ 1-0

[Event "Unna Open 2023"]
[Site "Unna"]
[Date "2023.12.27"]
[Round "1.27"]
[White "Bintig, Til"]
[Black "Krüger, André"]
[Result "0-1"]
[WhiteElo "1322"]
[BlackElo "1907"]
[PlyCount "72"]
[EventDate "2023.12.??"]
[EventType "swiss"]
[EventRounds "7"]
[EventCountry "GER"]
[Tiebreak "Progressive score"]
[SourceVersionDate "2023.12.27"]

1. c4 e6 2. g3 d5 3. cxd5 exd5 4. Bg2 Nf6 5. Nf3 c6 6. d4 h6 7. O-O Bf5 8. Nc3
Be7 9. Bf4 O-O 10. e3 Nbd7 11. Ne5 Bh7 12. h4 Qb6 13. Qb3 Qxb3 14. axb3 Bc2 15.
Bh3 Nxe5 16. dxe5 Ne4 17. Nxe4 dxe4 18. e6 Bxb3 19. exf7+ Rxf7 20. Bg2 Bd5 21.
Ra4 b5 22. Rd4 Bf6 23. Rb4 a5 24. Rxe4 Bxb2 25. Rd4 Bxg2 26. Kxg2 Bxd4 27. exd4
Rd7 28. Be5 a4 29. Rc1 a3 30. Ra1 b4 31. Kf3 b3 32. d5 Rxd5 33. Ke4 Rxe5+ 34.
Kxe5 a2 35. Kd4 b2 36. Rxa2 Rxa2 0-1

[Event "Unna Open 2023"]
[Site "Unna"]
[Date "2023.12.27"]
[Round "1.28"]
[White "Brieger, Sebastian"]
[Black "Le, Elias"]
[Result "1-0"]
[WhiteElo "1891"]
[BlackElo "1317"]
[PlyCount "59"]
[EventDate "2023.12.??"]
[EventType "swiss"]
[EventRounds "7"]
[EventCountry "GER"]
[Tiebreak "Progressive score"]
[SourceVersionDate "2023.12.27"]

1. e4 e5 2. Nf3 Nc6 3. Bb5 Nf6 4. d3 Ne7 5. O-O c6 6. Ba4 Ng6 7. Re1 Bc5 8. c3
a5 9. d4 exd4 10. cxd4 Bb4 11. Nc3 O-O 12. a3 Bxc3 13. bxc3 d5 14. Ng5 h6 15.
e5 Nd7 16. Nxf7 Rxf7 17. e6 Re7 18. exd7 Bxd7 19. Bc2 Nf8 20. Bf4 Rf7 21. Bg3
Qg5 22. Re5 Qf6 23. Qd3 Re8 24. Rae1 Re6 25. f3 Rfe7 26. Rxe6 Rxe6 27. Rxe6
Bxe6 28. a4 g6 29. Qe3 Kg7 30. Be5 1-0

[Event "Unna Open 2023"]
[Site "Unna"]
[Date "2023.12.27"]
[Round "1.29"]
[White "Ait Khouya, Muhammad"]
[Black "Hart, Theo"]
[Result "0-1"]
[WhiteElo "1298"]
[BlackElo "1889"]
[PlyCount "68"]
[EventDate "2023.12.??"]
[EventType "swiss"]
[EventRounds "7"]
[EventCountry "GER"]
[Tiebreak "Progressive score"]
[SourceVersionDate "2023.12.27"]

1. e4 e6 2. d4 d5 3. Nd2 dxe4 4. Nxe4 Nd7 5. Nf3 Ngf6 6. Nc3 c5 7. Bf4 a6 8.
Be2 cxd4 9. Qxd4 Bc5 10. Qd2 O-O 11. O-O Bb4 12. a3 Ne4 13. Qe3 Nxc3 14. axb4
Nd5 15. Qd2 Nxf4 16. Qxf4 Nf6 17. Rfd1 Qb6 18. Qd6 Qxd6 19. Rxd6 Nd5 20. c3 Nf4
21. Bc4 Rb8 22. b5 h6 23. Rb6 axb5 24. Rxb5 Bd7 25. Re5 Bc6 26. Re3 b5 27. Bd3
Rfd8 28. Be4 Bxe4 29. Rxe4 Nd3 30. Ne5 Nxe5 31. Rxe5 Rd2 32. Rb1 b4 33. c4 Rbd8
34. h3 b3 0-1

[Event "Unna Open 2023"]
[Site "Unna"]
[Date "2023.12.27"]
[Round "1.30"]
[White "Hart, Klaus"]
[Black "Jacob, Phil"]
[Result "1-0"]
[WhiteElo "1873"]
[BlackElo "1279"]
[PlyCount "61"]
[EventDate "2023.12.??"]
[EventType "swiss"]
[EventRounds "7"]
[EventCountry "GER"]
[Tiebreak "Progressive score"]
[SourceVersionDate "2023.12.27"]

1. Nf3 Nf6 2. c4 g6 3. b3 Bg7 4. Bb2 d6 5. e3 c5 6. d4 cxd4 7. exd4 Bf5 8. Be2
O-O 9. O-O Nbd7 10. Nc3 Bg4 11. h3 Bxf3 12. Bxf3 Rb8 13. Re1 a6 14. b4 Re8 15.
a3 Qc7 16. c5 dxc5 17. dxc5 Ne5 18. Be2 Rbd8 19. Qc2 Rd7 20. Rad1 Red8 21. Na4
Rxd1 22. Rxd1 Ned7 23. Bf3 Rc8 24. Qe2 e6 25. Qd2 e5 26. Bg4 Nxg4 27. Qxd7 Nf6
28. Qxc7 Rxc7 29. Bxe5 Re7 30. Rd8+ Re8 31. Bxf6 1-0

[Event "Unna Open 2023"]
[Site "Unna"]
[Date "2023.12.27"]
[Round "1.31"]
[White "Soppe, Victoria"]
[Black "Krämer, Sascha"]
[Result "0-1"]
[WhiteElo "1275"]
[BlackElo "1858"]
[PlyCount "78"]
[EventDate "2023.12.??"]
[EventType "swiss"]
[EventRounds "7"]
[EventCountry "GER"]
[Tiebreak "Progressive score"]
[SourceVersionDate "2023.12.27"]

1. e4 c5 2. Nf3 Nc6 3. Nc3 d6 4. d4 cxd4 5. Nxd4 Nf6 6. Bb5 Bd7 7. O-O g6 8.
Re1 Bg7 9. Bxc6 bxc6 10. e5 dxe5 11. Rxe5 Nd5 12. Re1 Nxc3 13. bxc3 c5 14. Ne2
O-O 15. Bd2 Qc7 16. Nf4 Bc6 17. Nd3 Rad8 18. Qe2 Rfe8 19. Bf4 Qa5 20. Ne5 Ba8
21. Bd2 Bxe5 22. Bg5 Bxc3 23. Bxe7 Bxe1 24. Bxd8 Rxe2 25. Bxa5 Bxa5 26. Kf1
Rxc2 27. Rb1 Be4 28. f3 Bd3+ 29. Kg1 Rxa2 30. Rd1 c4 31. h3 Bd2 32. Kh2 c3 33.
Kg3 Be2 34. Rb1 c2 35. Rb8+ Kg7 36. Rc8 c1=Q 37. Rxc1 Bxc1 38. Kh2 Bf4+ 39. Kg1
Bg3 0-1

[Event "Unna Open 2023"]
[Site "Unna"]
[Date "2023.12.27"]
[Round "1.32"]
[White "Meier, Jan"]
[Black "Weiner, Timon Liam"]
[Result "1/2-1/2"]
[WhiteElo "1856"]
[BlackElo "1270"]
[Annotator "Medger,Gernot"]
[PlyCount "84"]
[EventDate "2023.12.??"]
[EventType "swiss"]
[EventRounds "7"]
[EventCountry "GER"]
[Tiebreak "Progressive score"]
[SourceVersionDate "2023.12.27"]

1. d4 d5 2. Nf3 Nf6 3. Bg5 e6 4. e3 h6 5. Bh4 c5 6. c4 dxc4 7. Bxc4 Nc6 8. Nc3
cxd4 9. exd4 Bb4 10. O-O O-O 11. Ne4 Be7 12. Nc3 b6 13. Qd2 Na5 14. Be2 Bb7 15.
Rac1 Rc8 16. Ne5 Nd5 17. Bxe7 Qxe7 18. Bf3 Nc4 19. Nxc4 Rxc4 20. Nxd5 Bxd5 21.
Bxd5 Rxc1 22. Rxc1 exd5 23. h3 Re8 24. Kf1 Kf8 25. Qd3 Qe4 26. Qxe4 Rxe4 27.
Rc8+ Re8 28. Rc3 Re4 29. Rd3 Ke7 30. f3 Re6 31. b4 Rc6 32. Ra3 Rc7 33. Ke2 Kd6
34. b5 g5 35. Kd2 f5 36. g3 f4 37. g4 Ke6 $11 38. Ra6 Kd7 39. a4 Kc8 40. a5 Kb7
41. axb6 axb6 42. Ra4 Rc8 $11 1/2-1/2

[Event "Unna Open 2023"]
[Site "Unna"]
[Date "2023.12.27"]
[Round "1.33"]
[White "Lauenstein, Nico"]
[Black "Feldhaus, Thomas"]
[Result "1-0"]
[WhiteElo "1266"]
[BlackElo "1849"]
[PlyCount "153"]
[EventDate "2023.12.??"]
[EventType "swiss"]
[EventRounds "7"]
[EventCountry "GER"]
[Tiebreak "Progressive score"]
[SourceVersionDate "2023.12.27"]

1. d4 d6 2. c4 e5 3. dxe5 dxe5 4. Qxd8+ Kxd8 5. e4 Bb4+ 6. Bd2 Bxd2+ 7. Nxd2
Be6 8. O-O-O Nd7 9. Ne2 c6 10. Nc3 Kc7 11. g3 Ne7 12. f4 f6 13. Nf3 Nc8 14. Be2
a5 15. Rd2 Nd6 16. Rhd1 Nf7 17. f5 Bxf5 18. exf5 Rad8 19. Ne4 Nh6 20. Nh4 Rhe8
21. c5 Re7 22. h3 Nf7 23. Bc4 b6 24. cxb6+ Nxb6 25. Bxf7 Rxd2 26. Rxd2 Rxf7 27.
Ng2 Nd5 28. Kc2 g6 29. fxg6 hxg6 30. Re2 Ne7 31. g4 Rf8 32. Ne1 f5 33. Ng5 Kd6
34. gxf5 gxf5 35. Rf2 e4 36. Nxe4+ Kd5 37. Nc3+ Kd4 38. Rd2+ Ke5 39. Re2+ Kf6
40. Ng2 Rh8 41. h4 Ng6 42. Kd3 Nxh4 43. Nxh4 Rxh4 44. Ke3 Rh3+ 45. Kd4 Kg5 46.
Kc5 Rh6 47. Rd2 f4 48. Kd4 Kg4 49. Ne4 Re6 50. Re2 Rh6 51. Rf2 Re6 52. Nc5 Rf6
53. Nd3 Kg3 54. Rxf4 Rd6+ 55. Ke4 Re6+ 56. Ne5 Rd6 57. Rf3+ Kg2 58. Rd3 Rf6 59.
Rd2+ Kg3 60. Rc2 Rf4+ 61. Kd3 Ra4 62. a3 Rh4 63. Nxc6 Rh5 64. Kc4 Kf3 65. Rd2
Ke3 66. Rd5 Rh2 67. b4 axb4 68. axb4 Rc2+ 69. Kb5 Ke4 70. Rc5 Rb2 71. Ka6 Ra2+
72. Na5 Kd4 73. Rc8 Kd5 74. b5 Kd6 75. b6 Rb2 76. b7 Kd7 77. b8=Q 1-0

[Event "Unna Open 2023"]
[Site "Unna"]
[Date "2023.12.27"]
[Round "1.34"]
[White "Meyer, Ulrich"]
[Black "Stein, Wolfgang"]
[Result "1-0"]
[WhiteElo "1829"]
[BlackElo "1261"]
[PlyCount "55"]
[EventDate "2023.12.??"]
[EventType "swiss"]
[EventRounds "7"]
[EventCountry "GER"]
[Tiebreak "Progressive score"]
[SourceVersionDate "2023.12.27"]

1. e4 e6 2. d4 d5 3. e5 c5 4. c3 Nc6 5. Nf3 Bd7 6. Bd3 Rc8 7. dxc5 Bxc5 8. O-O
Nge7 9. b4 Bb6 10. a4 Ng6 11. Bg5 Nce7 12. Na3 O-O 13. c4 h6 14. Bxe7 Nxe7 15.
c5 Bc7 16. Rc1 b6 17. Nb5 bxc5 18. bxc5 Nc6 19. Re1 f6 20. Nxc7 Qxc7 21. Bb5 f5
22. Bxc6 Qxc6 23. Nd4 Qa6 24. Qc2 Qxa4 25. Qxa4 Bxa4 26. Ra1 Be8 27. Rxa7 Rxc5
28. Nxe6 1-0

[Event "Unna Open 2023"]
[Site "Unna"]
[Date "2023.12.27"]
[Round "1.35"]
[White "Dolheimer, Peter"]
[Black "Freiknecht, Holger"]
[Result "1/2-1/2"]
[WhiteElo "1253"]
[BlackElo "1828"]
[Annotator "Medger,Gernot"]
[PlyCount "99"]
[EventDate "2023.12.??"]
[EventType "swiss"]
[EventRounds "7"]
[EventCountry "GER"]
[Tiebreak "Progressive score"]
[SourceVersionDate "2023.12.27"]

1. d4 d5 2. Bf4 Nf6 3. e3 e6 4. Nf3 Bd6 5. Bxd6 Qxd6 6. Bd3 b6 7. c3 Nbd7 8.
Nbd2 Bb7 9. Bb5 O-O 10. Bxd7 Nxd7 11. Qc2 c5 12. Ng5 Nf6 13. Ndf3 Ne4 14. O-O
Nxg5 15. Nxg5 g6 16. f4 f6 17. Nf3 cxd4 18. cxd4 Rac8 19. Qd2 Rc4 20. Rfc1 Rfc8
21. b3 R4c7 22. Rxc7 $11 Qxc7 23. Ne1 e5 24. Nd3 exd4 25. Rc1 Qd6 26. Rxc8+
Bxc8 27. exd4 Bf5 28. g3 Kf7 29. Nb4 a5 30. Nc2 Qc7 31. Ne3 Be4 32. Nd1 Qc6 33.
Qc3 Qd7 34. Nf2 Bf5 35. a3 Kg7 36. b4 axb4 37. Qxb4 Qc7 38. Qb2 Qc6 39. Nd1 Qe6
40. Qd2 Qd6 41. Qe3 h5 42. Nf2 Kf7 43. h3 Qd7 44. h4 Qb5 45. Qc1 Qd7 46. Qe3
Qd6 47. Qb3 Kg7 48. Qe3 Bd7 49. Qb3 Bf5 50. Qe3 1/2-1/2

[Event "Unna Open 2023"]
[Site "Unna"]
[Date "2023.12.27"]
[Round "1.36"]
[White "Medger, Gernot"]
[Black "Pollok, Jörg"]
[Result "1-0"]
[WhiteElo "1813"]
[BlackElo "1251"]
[PlyCount "53"]
[EventDate "2023.12.??"]
[EventType "swiss"]
[EventRounds "7"]
[EventCountry "GER"]
[Tiebreak "Progressive score"]
[SourceVersionDate "2023.12.27"]

1. e4 c5 2. Na3 Nc6 3. Nf3 g6 4. c3 Bg7 5. Be2 d6 6. O-O e6 7. Nc2 Nf6 8. d3
O-O 9. h3 b6 10. Re1 Bb7 11. Ne3 d5 12. e5 Nd7 13. d4 cxd4 14. cxd4 f6 15. exf6
Nxf6 16. Ng5 Bc8 17. Ng4 h6 18. Bb5 Nxg4 19. Nxe6 Bxe6 20. Rxe6 Nxd4 21. Rxg6
Ne5 22. Rxg7+ Kxg7 23. Qxd4 Qf6 24. Be3 Rad8 25. Rd1 Ng6 26. Qd2 Nh4 27. Bd4
1-0

[Event "Unna Open 2023"]
[Site "Unna"]
[Date "2023.12.27"]
[Round "1.37"]
[White "Kasnatschenko, Ilayda"]
[Black "Küsgen, Dirk"]
[Result "1/2-1/2"]
[WhiteElo "1242"]
[BlackElo "1805"]
[Annotator "Medger,Gernot"]
[PlyCount "104"]
[EventDate "2023.12.??"]
[EventType "swiss"]
[EventRounds "7"]
[EventCountry "GER"]
[Tiebreak "Progressive score"]
[SourceVersionDate "2023.12.27"]

1. d4 Nf6 2. c4 c5 3. d5 b5 4. b3 bxc4 5. bxc4 g6 6. Bf4 Bg7 7. Nc3 d6 8. e4
O-O 9. Bd3 Ng4 10. Nge2 Ne5 11. O-O Nxd3 12. Qxd3 Nd7 13. Rac1 Ne5 14. Bxe5
Bxe5 15. f4 Bg7 16. Ng3 Bd7 17. f5 Be5 18. fxg6 fxg6 19. Rxf8+ Qxf8 20. Rf1 Qg7
21. Nb5 Bf6 22. Ne2 a6 23. Na3 Rf8 24. Nc2 Be5 25. Rxf8+ $11 Qxf8 26. Qf3 Qh6
27. h3 Qd2 28. Ne3 Qxa2 29. Qf1 Qa1 30. Qxa1 Bxa1 31. Kf1 Ba4 32. Ke1 Bb2 33.
Kd2 Bb3 34. Nc1 Ba4 35. g4 h6 36. h4 Kf7 37. g5 hxg5 38. hxg5 Be5 39. Ne2 e6
40. Kd3 a5 41. Kd2 Bb3 42. Nc1 a4 43. Nxb3 axb3 44. Ng2 exd5 45. exd5 Ke7 46.
Kd3 Kd7 47. Kd2 Kc7 48. Nh4 Bf4+ 49. Kc3 b2 50. Kxb2 Bxg5 51. Nxg6 Kb6 52. Kb3
Bf6 1/2-1/2

[Event "Unna Open 2023"]
[Site "Unna"]
[Date "2023.12.27"]
[Round "1.38"]
[White "Barskij, Aleksandr"]
[Black "Deysenroth, Gerald"]
[Result "0-1"]
[WhiteElo "1805"]
[BlackElo "1236"]
[PlyCount "106"]
[EventDate "2023.12.??"]
[EventType "swiss"]
[EventRounds "7"]
[EventCountry "GER"]
[Tiebreak "Progressive score"]
[SourceVersionDate "2023.12.27"]

1. e4 c5 2. Nc3 Nc6 3. Bb5 Nd4 4. Bc4 e6 5. Nf3 Nc6 6. d4 cxd4 7. Nxd4 Ne5 8.
Be2 Nf6 9. O-O Be7 10. f4 Nc6 11. Kh1 d6 12. Be3 a6 13. Bf3 Qc7 14. Qe1 O-O 15.
Qg3 Kh8 16. Rae1 Bd7 17. e5 Ng8 18. Ne4 d5 19. Nc3 Qd8 20. Qh3 Nh6 21. Qh5 Be8
22. f5 Nxd4 23. Bxd4 Nxf5 24. Bf2 f6 25. Qh3 fxe5 26. Rxe5 Rf6 27. Rfe1 Bf7 28.
Bg4 Rh6 29. Qd3 Bd6 30. Bxf5 Bxe5 31. Rxe5 exf5 32. Nxd5 Rd6 33. c4 f4 34. Bc5
Bg6 35. Qd4 Rd7 36. Bb4 Rf7 37. Bc3 f3 38. gxf3 Qg8 39. Ne7 Qf8 40. Qh4 Rxe7
41. Rxe7 Qxf3+ 42. Kg1 Rg8 43. Qd4 Qf8 44. Rxb7 Bh5 45. c5 Be2 46. Qf2 Bf3 47.
Rb6 Qf5 48. Rd6 Rf8 49. h4 Qh3 50. Qh2 Qg4+ 51. Kf2 Bg2+ 52. Ke3 Qe4+ 53. Kd2
Rf2+ 0-1

[Event "Unna Open 2023"]
[Site "Unna"]
[Date "2023.12.27"]
[Round "1.39"]
[White "Mallek, Peter"]
[Black "Bertschik, Jonas"]
[Result "0-1"]
[WhiteElo "1190"]
[BlackElo "1788"]
[PlyCount "88"]
[EventDate "2023.12.??"]
[EventType "swiss"]
[EventRounds "7"]
[EventCountry "GER"]
[Tiebreak "Progressive score"]
[SourceVersionDate "2023.12.27"]

1. e4 e5 2. Nf3 Nf6 3. Nc3 Nc6 4. Bc4 Bc5 5. O-O d6 6. d3 h6 7. Be3 Bxe3 8.
fxe3 O-O 9. d4 exd4 10. exd4 Bg4 11. Qd2 a6 12. Rad1 Qd7 13. e5 dxe5 14. dxe5
Qxd2 15. Rxd2 Nh7 16. Re1 Rfe8 17. Kf2 Bxf3 18. gxf3 Rxe5 19. Rxe5 Nxe5 20. Be2
Nf6 21. f4 Nc6 22. Kf3 Rd8 23. Rxd8+ Nxd8 24. Kg3 Ne6 25. Bf3 c6 26. Ne2 Kf8
27. h4 Ke7 28. f5 Nc7 29. Nf4 Ncd5 30. Nh5 Nxh5+ 31. Bxh5 Ne3 32. c3 Nxf5+ 33.
Kh3 g6 34. Bf3 h5 35. b4 Kd6 36. a4 b6 37. Be2 a5 38. bxa5 bxa5 39. Bc4 Ke7 40.
Bd3 Kf6 41. Be4 c5 42. c4 Ne3 43. Bd3 Ke5 44. Bc2 Nxc2 0-1

[Event "Unna Open 2023"]
[Site "Unna"]
[Date "2023.12.27"]
[Round "1.40"]
[White "Reufer, Berthold"]
[Black "Demirörs, Emre"]
[Result "1-0"]
[WhiteElo "1783"]
[BlackElo "1162"]
[PlyCount "61"]
[EventDate "2023.12.??"]
[EventType "swiss"]
[EventRounds "7"]
[EventCountry "GER"]
[Tiebreak "Progressive score"]
[SourceVersionDate "2023.12.27"]

1. e4 c5 2. d4 cxd4 3. Nf3 g6 4. Nxd4 Bg7 5. c3 Nc6 6. Be3 Nf6 7. Bd3 d6 8. h3
O-O 9. Nd2 d5 10. Qc2 dxe4 11. Bxe4 Nxe4 12. Nxc6 bxc6 13. Qxe4 Qc7 14. O-O Bf5
15. Qf3 a5 16. Nb3 a4 17. Nd4 Bd7 18. Rad1 c5 19. Ne2 Be6 20. a3 Rfd8 21. Rd2
Qa5 22. Rfd1 Rxd2 23. Rxd2 c4 24. Qb7 Kf8 25. Bc5 Bf6 26. Bb6 Bc8 27. Rd8+ Kg7
28. Rxc8 Qe5 29. Qxa8 Qxe2 30. Rg8+ Kh6 31. Be3+ 1-0

[Event "Unna Open 2023"]
[Site "Unna"]
[Date "2023.12.27"]
[Round "1.41"]
[White "Demmich, Kai"]
[Black "Winter, Magnus"]
[Result "1/2-1/2"]
[WhiteElo "1135"]
[BlackElo "1780"]
[Annotator "Medger,Gernot"]
[PlyCount "77"]
[EventDate "2023.12.??"]
[EventType "swiss"]
[EventRounds "7"]
[EventCountry "GER"]
[Tiebreak "Progressive score"]
[SourceVersionDate "2023.12.27"]

1. e4 c5 2. Nf3 Nc6 3. d4 cxd4 4. Nxd4 g6 5. Nc3 Bg7 6. Be3 Nf6 7. Be2 O-O 8.
h3 d5 9. Nxc6 bxc6 10. exd5 cxd5 11. Bd4 Re8 12. Bxf6 exf6 13. O-O d4 14. Nb5
f5 15. Bd3 a6 16. Na3 Bb7 17. f3 Rc8 18. Re1 Rxe1+ 19. Qxe1 Qg5 20. Qc1 Qg3 21.
Qe1 Qf4 22. Nc4 Kf8 23. Qb4+ Kg8 24. Qxb7 Rxc4 25. Qa8+ Bf8 26. Bxc4 Kg7 27.
Qe8 Bd6 28. Bf1 d3 29. Bxd3 Qh2+ 30. Kf2 Bc5+ 31. Ke1 Qg1+ 32. Bf1 Qf2+ 33. Kd1
Be3 34. Qe5+ Kh6 35. Qc3 Bg5 36. Qd3 Kg7 37. Rb1 Bh4 38. Qe2 Qd4+ 39. Qd3 $11
1/2-1/2

[Event "Unna Open 2023"]
[Site "Unna"]
[Date "2023.12.27"]
[Round "1.42"]
[White "Öztekin, Atilla"]
[Black "Schulze-Ardey, Dario"]
[Result "1-0"]
[WhiteElo "1780"]
[BlackElo "1119"]
[PlyCount "51"]
[EventDate "2023.12.??"]
[EventType "swiss"]
[EventRounds "7"]
[EventCountry "GER"]
[Tiebreak "Progressive score"]
[SourceVersionDate "2023.12.27"]

1. e4 e5 2. Nf3 Nc6 3. Bb5 Nf6 4. O-O a6 5. Ba4 b5 6. Bb3 Bc5 7. c3 d6 8. h3
O-O 9. d4 Bb6 10. Re1 Re8 11. Bc2 Bb7 12. d5 Ne7 13. b3 Ng6 14. g3 Nh5 15. Kg2
Qd7 16. Ng1 Nf6 17. Nd2 h5 18. Nf1 h4 19. Ne3 Bxe3 20. Bxe3 hxg3 21. fxg3 c6
22. c4 c5 23. Rf1 b4 24. Kf2 a5 25. a4 bxa3 26. Rxa3 1-0

[Event "Unna Open 2023"]
[Site "Unna"]
[Date "2023.12.27"]
[Round "1.43"]
[White "Otuk, Yusuf Miralay"]
[Black "Hammerschmidt, Martin"]
[Result "0-1"]
[WhiteElo "1113"]
[BlackElo "1745"]
[PlyCount "86"]
[EventDate "2023.12.??"]
[EventType "swiss"]
[EventRounds "7"]
[EventCountry "GER"]
[Tiebreak "Progressive score"]
[SourceVersionDate "2023.12.27"]

1. e4 c5 2. Nf3 e6 3. d4 cxd4 4. Nxd4 Nf6 5. e5 Qa5+ 6. Nc3 Qxe5+ 7. Be3 a6 8.
Be2 Bb4 9. O-O O-O 10. Qd2 Qc7 11. Qd3 Nc6 12. f4 b5 13. Rf3 Bb7 14. Rg3 Nxd4
15. Bxd4 Bc5 16. Kh1 Bxd4 17. Qxd4 Qd8 18. Rf1 d6 19. Bf3 Bxf3 20. Rfxf3 Rc8
21. Kg1 Rc4 22. Qd2 Qb6+ 23. Kh1 Qc5 24. f5 exf5 25. Rxg7+ Kh8 26. Qg5 Qe5 27.
Re3 Qf4 28. Re1 Ng4 29. Qxf4 Rxf4 30. Rg5 f6 31. Rh5 Kg7 32. Kg1 Kg6 33. Rh3
Ne5 34. Nd5 Re4 35. Rhe3 Rxe3 36. Rxe3 Re8 37. Nc7 Rc8 38. Nxa6 Rxc2 39. Rb3 f4
40. Rxb5 Nd3 41. Kf1 Rf2+ 42. Kg1 Re2 43. Kf1 Re1# 0-1

[Event "Unna Open 2023"]
[Site "Unna"]
[Date "2023.12.27"]
[Round "1.44"]
[White "Deysenroth, Patrick"]
[Black "Ilic, Mihajlo"]
[Result "1-0"]
[WhiteElo "1743"]
[BlackElo "1010"]
[PlyCount "65"]
[EventDate "2023.12.??"]
[EventType "swiss"]
[EventRounds "7"]
[EventCountry "GER"]
[Tiebreak "Progressive score"]
[SourceVersionDate "2023.12.27"]

1. e4 e5 2. Nc3 Nf6 3. f4 d5 4. fxe5 Nxe4 5. Qf3 Nxc3 6. bxc3 Be7 7. d4 O-O 8.
Bd3 Bg5 9. Qh5 h6 10. Nf3 g6 11. Bxg6 fxg6 12. Qxg6+ Kh8 13. Nxg5 hxg5 14. Bxg5
Qd7 15. Bf6+ Rxf6 16. Qxf6+ Qg7 17. O-O Qxf6 18. Rxf6 Nc6 19. Rf8+ Kg7 20. Raf1
Ne7 21. R1f7+ Kg6 22. Rxe7 c6 23. Ree8 Kg5 24. Rxc8 Rxc8 25. Rxc8 Kf4 26. e6
Ke3 27. e7 Kd2 28. e8=Q Kxc2 29. Qe3 b6 30. Rf8 Kb2 31. c4 Kc2 32. Rf2+ Kd1 33.
Qd2# 1-0